<?xml version="1.0" encoding="UTF-8"?><?xml-stylesheet type="text/xsl" href="static/style.xsl"?><OAI-PMH xmlns="http://www.openarchives.org/OAI/2.0/" xmlns:xsi="http://www.w3.org/2001/XMLSchema-instance" xsi:schemaLocation="http://www.openarchives.org/OAI/2.0/ http://www.openarchives.org/OAI/2.0/OAI-PMH.xsd"><responseDate>2026-06-05T15:31:13Z</responseDate><request verb="GetRecord" identifier="oai:riuma.uma.es:10630/31863" metadataPrefix="marc">https://riuma.uma.es/rest/oai/request</request><GetRecord><record><header><identifier>oai:riuma.uma.es:10630/31863</identifier><datestamp>2026-02-03T12:20:14Z</datestamp><setSpec>com_10630_2254</setSpec><setSpec>col_10630_37959</setSpec></header><metadata><record xmlns="http://www.loc.gov/MARC21/slim" xmlns:dcterms="http://purl.org/dc/terms/" xmlns:doc="http://www.lyncode.com/xoai" xmlns:xsi="http://www.w3.org/2001/XMLSchema-instance" xsi:schemaLocation="http://www.loc.gov/MARC21/slim http://www.loc.gov/standards/marcxml/schema/MARC21slim.xsd">
   <leader>00925njm 22002777a 4500</leader>
   <datafield ind2=" " ind1=" " tag="042">
      <subfield code="a">dc</subfield>
   </datafield>
   <datafield ind2=" " ind1=" " tag="720">
      <subfield code="a">Martín-Jaime, Juan Jesús</subfield>
      <subfield code="e">author</subfield>
   </datafield>
   <datafield ind2=" " ind1=" " tag="720">
      <subfield code="a">Velasco-Martínez, Leticia Concepción</subfield>
      <subfield code="e">author</subfield>
   </datafield>
   <datafield ind2=" " ind1=" " tag="260">
      <subfield code="c">2024</subfield>
   </datafield>
   <datafield ind2=" " ind1=" " tag="520">
      <subfield code="a">El diseño de itinerarios educativos es una herramienta poderosa para evaluar problemáticas socioambientales de nuestras ciudades.  El objetivo de la Red Temática que se propone es capacitar al estudiantado universitario para diseñar itinerarios didácticos como recurso de aprendizaje para evaluar la sostenibilidad urbana mediante un proceso de investigación-acción.  Las personas participantes observan, analizan, reflexionan y diseñan itinerarios adecuados a distintos destinatarios; y durante el diseño del mismo, el estudiantado se forma de manera participativa en sostenibilidad. Para comprobar la eficacia del diseño de los itinerarios se ha elaborado un programa que será evaluado según un diseño mixto de investigación. El programa incluye una formación inicial en sostenibilidad urbana, una práctica de campo para la recogida de datos, el trabajo cooperativo en grupos reducidos para el diseño de los itinerarios, una puesta en común, y la evaluación del programa. Para ello, las personas participantes disponen de varios instrumentos para la realización de tareas colaborativas: a) hoja de registro de trabajo de campo, donde ir anotando hitos del recorrido, datos socioambientales, posibles recursos didácticos y valoraciones sobre la sostenibilidad; b) plantilla de diseño para realizar el esbozo de itinerario y establecer diversas subtemáticas del itinerario relacionadas con la sostenibilidad que se pueden abordar en las paradas seleccionadas en el itinerario para la realización de actividades; c) plantilla de evaluación, para reflexionar sobre el trabajo realizado y establecer propuestas de mejora sobre el diseño del programa y para transformar el campus universitario en un lugar más habitable, saludable e inclusivo. Los jóvenes que evalúan la sostenibilidad urbana de manera activa y participativa, a través de los itinerarios didácticos, pueden contribuir a transformar el campus universitario en un espacio más sostenible.</subfield>
   </datafield>
   <datafield ind1="8" ind2=" " tag="024">
      <subfield code="a">https://hdl.handle.net/10630/31863</subfield>
   </datafield>
   <datafield tag="653" ind2=" " ind1=" ">
      <subfield code="a">Educación ambiental</subfield>
   </datafield>
   <datafield tag="653" ind2=" " ind1=" ">
      <subfield code="a">Enseñanza - Innovaciones</subfield>
   </datafield>
   <datafield tag="653" ind2=" " ind1=" ">
      <subfield code="a">Investigación activa en educación</subfield>
   </datafield>
   <datafield ind2="0" ind1="0" tag="245">
      <subfield code="a">Aprender sobre  sostenibilidad diseñando y  evaluando itinerarios didácticos en  contextos urbanos: red temática.</subfield>
   </datafield>
</record>
</metadata></record></GetRecord></OAI-PMH>